Veinticinco años en la China trágica (Record no. 52316)

MARC details
000 -LEADER
campo de control de longitud fija 00589nam a2200193 i 4500
001 - NÚMERO DE CONTROL
campo de control 52316
003 - IDENTIFICADOR DE NÚMERO DE CONTROL
campo de control ES-MaACL
005 - FECHA Y HORA DE LA ÚLTIMA TRANSACCIÓN
campo de control 20230906162548.0
007 - CAMPO FIJO DE DESCRIPCIÓN FÍSICA--INFORMACIÓN GENERAL
campo de control de longitud fija t|
008 - DATOS DE LONGITUD FIJA--INFORMACIÓN GENERAL
campo de control de longitud fija 030827s1957 sp ||||1| spa d
100 1# - ENTRADA PRINCIPAL--NOMBRE DE PERSONA
Nombre de persona Chwen-Min, T'ien.
9 (RLIN) 38726
245 10 - MENCIÓN DEL TÍTULO
Título Veinticinco años en la China trágica
Resto del título : ensayo de antología misionera /
Mención de responsabilidad, etc. por T'ien Chwen-Min.
260 ## - PUBLICACIÓN, DISTRIBUCIÓN, ETC.
Lugar de publicación, distribución, etc. Madrid :
Nombre del editor, distribuidor, etc. El Perpetuo Socorro,
Fecha de publicación, distribución, etc. 1957.
300 ## - DESCRIPCIÓN FÍSICA
Extensión 519 p., 29 lám. ;
Dimensiones 12 cm.
490 1# - MENCIÓN DE SERIE
Mención de serie Oriente ;
Designación de volumen o secuencia 6
830 0# - PUNTO DE ACCESO ADICIONAL DE SERIE-TÍTULO UNIFORME
Título uniforme Oriente ;
Designación de volumen o secuencia 6
9 (RLIN) 230201
852 ## - LOCALIZACIÓN
Ubicación ES-MaACL
Número de control de estantería C-4633
Sublocalización o colección R.40324
Holdings
Estatus retirado Estado de pérdida Estado de daño No para préstamo Biblioteca de origen Biblioteca actual Ubicación en estantería Fecha de adquisición Fuente de adquisición Total de préstamos Signatura topográfica completa Código de barras Visto por última vez Precio de reemplazo Tipo de ítem Koha
        Biblioteca del Ateneo de Madrid Biblioteca del Ateneo de Madrid Sala Palomar 17/01/2008     C-4633 1054996 23/02/2023 23/02/2023 Libro impreso